An expository dictionary of Old and New Testament words. (Record no. 937)

000 -LEADER
fixed length control field 00867nam a2200205 a 4500
001 - CONTROL NUMBER
control field :::00014116$&:&@@
003 - CONTROL NUMBER IDENTIFIER
control field OkBaRHE
005 - DATE AND TIME OF LATEST TRANSACTION
control field 20100325141648.0
008 - FIXED-LENGTH DATA ELEMENTS--GENERAL INFORMATION
fixed length control field s1981 j 000 0 eng u
040 ## - CATALOGING SOURCE
Transcribing agency
100 1# - MAIN ENTRY--PERSONAL NAME
Personal name Vine, William Edwyn.
245 13 - TITLE STATEMENT
Title An expository dictionary of Old and New Testament words.
Statement of responsibility, etc Old Testament edited by F. F. Bruce.
260 ## - PUBLICATION, DISTRIBUTION, ETC. (IMPRINT)
Place of publication, distribution, etc Old Tappan, NJ., :
Name of publisher, distributor, etc Fleming H. Revell Company
Date of publication, distribution, etc 1981
650 ## - SUBJECT ADDED ENTRY--TOPICAL TERM
Topical term or geographic name as entry element Bible New Testament
General subdivision Dictionaries
650 ## - SUBJECT ADDED ENTRY--TOPICAL TERM
Topical term or geographic name as entry element Bible Old Testament
General subdivision Dictionaries
942 ## - ADDED ENTRY ELEMENTS (KOHA)
Source of classification or shelving scheme
Koha item type Books
Copies
Koha item type Collection code Shelving location Permanent Location Barcode Not for loan Copy number Full call number Date last seen Source of classification or shelving scheme Withdrawn status Price effective from Damaged status Lost status Date acquired
BooksReferenceGeneral StacksRHEMA Bible Training College14116 1PA 881 .V4952010-04-14  2010-04-14  2010-04-14
BooksReferenceGeneral StacksRHEMA Bible Training College18276 2PA 881 .V4952010-04-14  2010-04-14  2010-04-14
BooksReferenceGeneral StacksRHEMA Bible Training College18277 3PA 881 .V4952010-04-14  2010-04-14  2010-04-14